000 00609nam a22001937a 4500
005 20151127104213.0
010 _aENG-114157
020 _c350.00
_a9789350352540
035 _aEN-97689
037 _bDBAD/PUB
082 _a342.54
100 _aTonapi, Veena Madhav
245 _aTextbook on constitutional law /
_cby Veena Madav Tonapi
260 _aNew Delhi
_bUniversal Law Publishing
_c2013
270 _aC-FF-1A, Dilkhush Industrial Estate, G.T. Karnal Road,
_bNew Delhi
_e110033
300 _alii,384p.
_c25cm(pbk)
500 _aIncludes index
942 _2ddc
_cEN
_mTON
_h342.54
999 _c97448
_d97448